San Francisco - Niall Horan (All Lyrics) - Statistics

General Stats
  • This quiz has been taken 44 times
  • The average score is 264 of 326
Answer Stats
Answer % Correct
go
100%
I
100%
know
100%
San
100%
the
100%
want
100%
what
100%
you
100%
a
96%
do
96%
let
96%
to
96%
your
96%
back
93%
had
93%
like
93%
me
93%
never
93%
on
93%
one
93%
take
93%
up
93%
we
93%
can
89%
Francisco
89%
I’m
89%
it
89%
it’s
89%
kiss
89%
last
89%
not
89%
of
89%
so
89%
You’re
89%
be
85%
can’t
85%
don’t
85%
Don’t
85%
first
85%
for
81%
good
81%
Hold
81%
my
81%
My
81%
time
81%
wake
81%
would
81%
goodbye
78%
mind’s
78%
Moon
78%
Sun
78%
all
74%
hear
74%
made
74%
rising
74%
shining
74%
but
70%
changing
70%
now
70%
out
70%
Out
70%
been
67%
fading
67%
Overthinking
67%
Scream
67%
door
63%
down
63%
that
63%
until
63%
from
59%
Lights
59%
step
59%
bad
56%
lay
56%
Wish
56%
cruel
52%
late
52%
line
52%
running
52%
soaking
52%
too
52%
wet
52%
hadn’t
48%
I’ll
48%
Cause
44%
done
44%
Say
44%
defenses
41%
in
41%
Is
41%
there
41%
Before
37%
tell
37%
keep
33%
somehow?
33%
Drunk
30%
Full
30%
new
30%
someone
30%
fall
26%
make
26%
pacing
26%
way
26%
breaking
22%
dive
22%
dialing
19%
control
4%
No matching quizzes found
Score Distribution
Percent of People with Each Score
Percentile by Number Answered
Your Score History
You have not taken this quiz